| 000 | 01619nam a2200265Ia 4500 | ||
|---|---|---|---|
| 999 |
_c55959 _d55959 |
||
| 001 | 23058 | ||
| 003 | GE_BSU | ||
| 005 | 20230703121100.0 | ||
| 008 | 181216s2002ge xx |||||||||||||| ||geo|| | ||
| 020 | _a9992865881 | ||
| 040 | _cGE_BSU | ||
| 041 | _ageo | ||
| 080 | _a821.14.09 გ-70 | ||
| 100 |
_aგორდეზიანი, რისმაგ _915782 |
||
| 245 |
_aბერძნული ლიტერატურა : _bწ.1. ელინური ეპოქის ეპოსი, ლირიკა, დრამა / _cრისმაგ გორდეზიანი ; რედ. : ნანა ტონია, ირინე დარჩია. |
||
| 264 |
_aთბილისი : _bლოგოსი, _c2002. |
||
| 300 |
_a568 გვ. ; _b26 სმ. |
||
| 490 | _aპროგრამა "ლოგოსი" : პუბლიკაციები და ღონისძიებები კლასიკური ფილოლოგიის, ბიზანტინისტიკისა და ნეოგრეცესტიკის სფეროშ | ||
| 504 | _aბიბლიოგრაფია სტატიების ბოლოს | ||
| 653 | _aბერძნული ლიტერატურა | ||
| 653 | _aლიტერატურის ისტორია და კრიტიკა - ბერძნული ლიტერატურა | ||
| 700 |
_aტონია, ნანა _eრედაქტორი _915783 |
||
| 700 |
_aდარჩია, ირინე _eრედაქტორი _96263 |
||
| 942 |
_cBK _2udc |
||